000 00782nam a22001935i 4500
001 169441
003 ES-MaACL
005 20230906214108.0
008 080912s1991 fr |||| | fre d
020 _a2-85036-133-X
080 _a811.133.1'35
100 0 _aRey-Debove, Josette.
_996523
245 1 3 _aLa réforme de l'orthographe au banc d'essai du Robert
_b: dossier complet, texte du Journal officiel, liste des mots modifiés, commentaires et évaluations /
_cpar Josette Rey-Debove et Béatrice Le Beau-Bensa.
260 _aParis :
_bLe Robert,
_c1991.
300 _a78 p. ;
_c24 cm.
650 4 _aLengua francesa-
_xOrtografía.
_914227
700 1 _aLe Beau-Bensa, Béatrice.
_9138546
852 _aES-MaACL
_j2235-F-16
_9R.141139
_z.- Biblioteca Jacinto Martínez Lacalle
999 _c169441
_d169441